| 000 | 00484cam a22001577a 4500 | ||
|---|---|---|---|
| 008 | 180718b2003 xxu||||| |||| 00| 0 eng d | ||
| 020 | _a8178811456 | ||
| 082 | _aT312 Se47 | ||
| 245 |
_aFinancial markets and services: emerging trends _cedited by Y. Chandra Sekhar |
||
| 260 |
_aHyderabad _bICFAI Univ. Press _c2003 |
||
| 300 | _a147p. | ||
| 650 | _aGlobalization | ||
| 650 | _aFinancial services industry | ||
| 650 | _aFinancial planners - Marketing | ||
| 700 | _aSekhar, Y. Chandra | ||
| 999 |
_c404819 _d404819 |
||